000 00323nam a22001337a 4500
008 171106b xxu||||| |||| 00| 0 eng d
020 _a9788131723685
041 _aeng
080 _213TH
_a330.722.6
100 _a61
101 _aKON
245 _aCOST ACCOUNTING A MANAGERIAL EMPHASIS
_cHORNGREN,CH.T
942 _2udc
_cBK
999 _c37842
_d37842